| 000 -LEADER |
| fixed length control field |
04085nam a2200421 i 4500 |
| 001 - CONTROL NUMBER |
| control field |
23001354 |
| 003 - CONTROL NUMBER IDENTIFIER |
| control field |
OSt |
| 005 - DATE AND TIME OF LATEST TRANSACTION |
| control field |
20260125141849.0 |
| 008 - FIXED-LENGTH DATA ELEMENTS--GENERAL INFORMATION |
| fixed length control field |
230306t20222022nyua 001 0 eng d |
| 020 ## - INTERNATIONAL STANDARD BOOK NUMBER |
| International Standard Book Number |
9780241536421 |
| Qualifying information |
hardcover |
| 040 ## - CATALOGING SOURCE |
| Original cataloging agency |
YDX |
| Language of cataloging |
eng |
| Transcribing agency |
YDX |
| Description conventions |
rda |
| Modifying agency |
BDX |
| -- |
UKMGB |
| -- |
OCLCO |
| -- |
OCLCF |
| -- |
TDS |
| -- |
OPW |
| -- |
IUK |
| -- |
OCLCQ |
| -- |
CPL |
| -- |
DLC |
| -- |
uoc |
| 082 04 - DEWEY DECIMAL CLASSIFICATION NUMBER |
| Classification number |
709 |
| Edition number |
23 |
| Item number |
MIC |
| 100 1# - MAIN ENTRY--PERSONAL NAME |
| Personal name |
Collins, Michael, |
| Dates associated with a name |
1960- |
| Relator term |
author. |
| 245 10 - TITLE STATEMENT |
| Title |
Lost masterpieces: |
| Remainder of title |
Stolen, Damaged, Mislaid, Destroyed/ |
| Statement of responsibility, etc. |
Michael Collins. |
| 246 14 - VARYING FORM OF TITLE |
| Title proper/short title |
Lost masterpieces : |
| Remainder of title |
stolen, damaged, mislaid, destroyed--the world's most elusive works of art |
| 250 ## - EDITION STATEMENT |
| Edition statement |
First American edition. |
| 264 #1 - PRODUCTION, PUBLICATION, DISTRIBUTION, MANUFACTURE, AND COPYRIGHT NOTICE |
| Place of production, publication, distribution, manufacture |
London : |
| Name of producer, publisher, distributor, manufacturer |
DK Publishing, |
| Date of production, publication, distribution, manufacture, or copyright notice |
2022. |
| 264 #4 - PRODUCTION, PUBLICATION, DISTRIBUTION, MANUFACTURE, AND COPYRIGHT NOTICE |
| Date of production, publication, distribution, manufacture, or copyright notice |
©2022 Dorling Kindersley Limited |
| 300 ## - PHYSICAL DESCRIPTION |
| Extent |
192 pages : |
| Other physical details |
illustrations; |
| Dimensions |
20 cm. |
| 336 ## - CONTENT TYPE |
| Content type term |
text |
| Content type code |
txt |
| Source |
rdacontent |
| 336 ## - CONTENT TYPE |
| Content type term |
still image |
| Content type code |
sti |
| Source |
rdacontent |
| 337 ## - MEDIA TYPE |
| Media type term |
unmediated |
| Media type code |
n |
| Source |
rdamedia |
| 338 ## - CARRIER TYPE |
| Carrier type term |
volume |
| Carrier type code |
nc |
| Source |
rdacarrier |
| 500 ## - GENERAL NOTE |
| General note |
Subtitle on cover: Stolen, damaged, mislaid, destroyed - the world's most elusive works of art. |
| 500 ## - GENERAL NOTE |
| General note |
"Produced for DK by Toucan Books"--Title page verso. |
| 500 ## - GENERAL NOTE |
| General note |
Includes index. |
| 505 0# - FORMATTED CONTENTS NOTE |
| Formatted contents note |
Introduction -- Lost: The tomb of King Tuankhamen ; Aphrodite of Knidos ; The terra-cotta army ; The Alexander mosaic ; China's guardian beasts ; The Tabula Rogeriana ; Salvatori Mundi ; Fondaco dei Tedeschi ; The Sistine tapestries ; Lucretia ; Zodiac fountain water clock ; Anna Feodorovna ; The death of Cleopatra ; Modern woman ; The battle of San Jacinto ; Red and green II ; Reclining nude ; December in Venice ; The Reaper ; The wounded table ; Struggle : from the history of the American people ; Life's work ; Untitled gouache ; The Lenin mosaic ; Touching north -- Stolen: Mexican antiquities ; The book of Kells ; The Ghent altarpiece ; The last judgment ; Mona Lisa ; St. Christopher carrying the Christ Child ; The Benin bronzes ; Nativity with St. Francis and St. Lawrence ; The head of a bearded man ; Adam and Eve ; The Isabella Stewart Gardner heist ; Lioness and Lion in a cave ; Les choristes ; Funerary pole ; Summer's day ; View of the sea at Scheveningen ; The gates of hell ; Portraits of Adele ; Swamp legend ; Reading girl in white and yellow ; Myrto ; Portrait of Francis Bacon ; Two forms (divided circle) ; Wine of Babylon ; Camouflage series ; Chloe & Emma -- Damaged: Nineveh's Lamassu ; Parthenon marbles ; The Portland vase ; Sutton Hoo helmet ; Statue of Vishnu ; The Bayeux tapestry ; Frescoes of the lives of St. Francis and the saints ; Pietà ; The night watch ; The Rokeby Venus ; The dream ; Yellow pumpkin ; Niagara Falls -- Destroyed: The Buddhas of Bamiyan ; The justice of Trajan and Herkinbald ; Equestrian portrait of Emperor Philip IV ; The amber room ; The last moments of Michel Lepeletier ; Religion attended by the virtues ; The stone breakers ; Washington crossing the Delaware ; Beneath the blue room ; Water lilies ; Man at the crossroads ; Three works ; Lift every voice and sing (the harp) ; Portrait of Winston Churchill ; Figurative work ; Reclining figure ; Everyone I have ever slept with ; Dropping a Han Dynasty urn ; Pillar of shame ; Love is in the bin. |
| 520 ## - SUMMARY, ETC. |
| Summary, etc. |
Travel back in time to discover works of art that have vanished from the record, as well as those that went missing and have since been reclaimed or recovered. From the treasures of Tutankhamun to the altarpiece of Ghent, a missing Fabergé egg, and Vincent van Gogh's majestic Sunset at Montmajour, numerous masterpieces have disappeared throughout history as a result of theft, looting, natural catastrophe, or conflict... And some have resurfaced decades or even centuries later! |
| 650 #0 - SUBJECT ADDED ENTRY--TOPICAL TERM |
| Topical term or geographic name entry element |
Art treasures in war. |
| 650 #0 - SUBJECT ADDED ENTRY--TOPICAL TERM |
| Topical term or geographic name entry element |
Art |
| General subdivision |
Mutilation, defacement, etc. |
| 650 #0 - SUBJECT ADDED ENTRY--TOPICAL TERM |
| Topical term or geographic name entry element |
Art |
| General subdivision |
History. |
| 650 #0 - SUBJECT ADDED ENTRY--TOPICAL TERM |
| Topical term or geographic name entry element |
Lost works of art. |
| 9 (RLIN) |
4532 |
| 650 #0 - SUBJECT ADDED ENTRY--TOPICAL TERM |
| Topical term or geographic name entry element |
Art thefts. |
| 650 #7 - SUBJECT ADDED ENTRY--TOPICAL TERM |
| Topical term or geographic name entry element |
Art thefts. |
| Source of heading or term |
fast |
| Authority record control number or standard number |
(OCoLC)fst00815827 |
| 9 (RLIN) |
4533 |
| 650 #7 - SUBJECT ADDED ENTRY--TOPICAL TERM |
| Topical term or geographic name entry element |
Lost works of art. |
| Source of heading or term |
fast |
| Authority record control number or standard number |
(OCoLC)fst01002666 |
| 9 (RLIN) |
4532 |
| 700 1# - ADDED ENTRY--PERSONAL NAME |
| Personal name |
Reid, Emma Fraser, |
| Relator term |
illustrator. |
| 9 (RLIN) |
4279 |
| 942 ## - ADDED ENTRY ELEMENTS (KOHA) |
| Source of classification or shelving scheme |
|
| Koha item type |
Book |